banner-ar

الجاليات العربية فى استراليا / (Record no. 61776)

MARC details
000 -الفاتح
حقل البيانات ثابتة الطول 00772nam a22002297a 4500
005 - وقت وتاريخ اخر تعامل مع التسجيلة
رقم الضبط 20240530110515.0
008 - عناصر البيانات ثابتة الطول - معلومات عامة
حقل البيانات ثابتة الطول 160119s2013 lu a g b 001 0 ara d
020 ## - الرقم الدولى المعيارى للكتب
الرقم الدولى المعيارى للكتاب 9789953826127
040 ## - مصدر الفهرسة
وكالة الفهرسة الأصلية EG-CaGPL
082 04 - رقم تصنيف ديوى العشرى
رقم الطبعة 21
رقم التصنيف 305.8\
رقم المادة ب ج
100 0# - المدخل الرئيسى - إسم شخصى
الإسم الشخصى بول طبر .
245 12 - بيان العنوان
العنوان الجاليات العربية فى استراليا /
بيان المسئوليه,etc بول طبر .
250 ## - بيان الطبعة
بيان الطبعة ط1.
260 ## - PUBLICATION, DISTRIBUTION, ETC. (IMPRINT)
تاريخ النشر أو التوزيع 2013 .
300 ## - الوصف المادى
التعداد 367 ص ؛
أبعاد الوعاء 24 سم .
504 ## - تبصرة ببليوجرافية
تبصرة ببليوجرافية,الخ ببليوجرافية : ص 339 - 347
650 04 - المدخل الاضافى بالموضوع-مصطلح موضوعى
مصطلح موضوعي الجاليات العربية .
651 04 - المدخل الاضافى بالموضوع - اسم جغرافى
الاسم الجغرافي استراليا
التقسيم الفرعي العام الجاليات العربية .
651 04 - المدخل الاضافى بالموضوع - اسم جغرافى
الاسم الجغرافي استراليا
التقسيم الفرعي العام الاقليات .
942 ## - عناصر المدخل الإضافي( كوها)
مصدر التصنيف او مخطط الترفيف Dewey Decimal Classification
Koha [default] item type كتاب
260 ## - PUBLICATION, DISTRIBUTION, ETC. (IMPRINT)
-- بيروت :
-- مركز دراسات الوحدة العربية ،
Holdings
حالة التراجع حالة الفقد حالة تلف ليس للاعارة المكان المؤقت الموقع الحالى تاريخ الاكتساب اجمالي اﻻعارات رقم الطلب الباركود تاريخ اخر مشاهدة تاريخ تفعيل السعر نوع وعاء كوها
        مكتبة القاهرة الكبرى مكتبة القاهرة الكبرى 01/19/2016   305.8\ ب ج 161165 01/19/2016 01/19/2016 كتاب

Powered By

EGPV